Faktory úspechu podniku vo svetle rôznych teoretických koncepcií

Teoretické prístupy ku skúmaniu faktorov úspešnosti organizácií. Vývoj systémov riadenia. Koncepty funkčného riadenia. Koncepcia "7S" (šťastný atóm). Koncepcia "SLO" K.H. Chunga. Koncepcia "dokonalosti" Petersa a Watermana. Model kritických faktorov úspechu MSP. Koncepty znalostného riadenia. Faktor...

Descrizione completa

Salvato in:
Dettagli Bibliografici
Autore principale: Szabo, Ľuboslav
Altri autori: Jankelová, Nadežda, 1966-
Natura: Capitolo di libro
Lingua:slovacco
Soggetti:
Tags: Aggiungi Tag
Nessun Tag, puoi essere il primo ad aggiungerne!!

MARC

LEADER 00000naa$a2200000$$$4500
001 0038574
005 20240502071500.9
041 0 |a slo 
044 |a SK 
245 1 0 |a Faktory úspechu podniku vo svetle rôznych teoretických koncepcií  |c Ľuboslav Szabo, Nadežda Jankelová 
520 |a Teoretické prístupy ku skúmaniu faktorov úspešnosti organizácií. Vývoj systémov riadenia. Koncepty funkčného riadenia. Koncepcia "7S" (šťastný atóm). Koncepcia "SLO" K.H. Chunga. Koncepcia "dokonalosti" Petersa a Watermana. Model kritických faktorov úspechu MSP. Koncepty znalostného riadenia. Faktory ovplyvňujúce prosperitu. Koncepcia spoločnej zodpovednosti. Súvislosti medzi kľúčovými schopnosťami, kompetenciami a výrobkami. Proces tvorby základných kompetencií. Model EFQM. 
610 2 0 |a rast podniku 
610 2 0 |a koncepcie 
610 2 0 |a riadenie procesné 
610 2 0 |a podnik malý 
610 2 0 |a podnik stredný 
610 2 0 |a teórie ekonomické 
610 2 0 |a riadenie podnikové 
610 2 0 |a systémy riadenia 
610 2 0 |a riadenie znalostí 
610 2 0 |a kompetencie 
100 1 |a Szabo, Ľuboslav 
700 1 |a Jankelová, Nadežda, 1966-